Resident Evil. Nultá hodina /
Sedmý díl sci-fi ságy z populárního herního světa přináší takřka detektivní zápletku.
Uloženo v:
| Série: | Resident Evil,
část 7 |
|---|---|
| Hlavní autor: | |
| Další autoři: | |
| Médium: | E-kniha |
| Jazyk: | Czech |
| Vydáno: |
Ostrava :
Fantom Print,
2018
|
| Vydání: | 1. vydání |
| Témata: | |
| Příbuzné jednotky: | Z cyklu::
Resident Evil |
| Tagy: |
Žádné tagy |
| LEADER | 02609nam a2200529 i 4500 | ||
|---|---|---|---|
| 001 | 310876 | ||
| 003 | CZ PrSKC | ||
| 005 | 20260601215656.0 | ||
| 007 | ta | ||
| 008 | 180301s2018 xr g 000 f cze | ||
| 015 | |a cnb002982411 | ||
| 020 | |a 9788075940025 |q (brožováno) | ||
| 035 | |a (OCoLC)1039853204 | ||
| 040 | |a OLA001 |b cze |d ABA001 |e rda | ||
| 041 | 1 | |a cze |h eng | |
| 072 | 7 | |a 821.111(73)-3 |x Americká próza |2 Konspekt | |
| 080 | |a 821.111(73)-31 |2 MRF | ||
| 080 | |a (0:82-311.9) |2 MRF | ||
| 080 | |a (0:82-312.4) |2 MRF | ||
| 100 | 1 | |a Perry, S. D. |q (Stephani Danelle), |d 1970- |7 xx0186884 |4 aut | |
| 240 | 1 | 0 | |a Zero hour. |l Česky |
| 245 | 1 | 0 | |a Resident Evil. |p Nultá hodina / |c S.D. Perry ; překlad Kateřina Niklová |
| 246 | 3 | 0 | |a Nultá hodina |
| 250 | |a 1. vydání | ||
| 264 | 1 | |a Ostrava : |b Fantom Print, |c 2018 | |
| 300 | |a 254 stran ; |c 17 cm | ||
| 336 | |a text |b txt |2 rdacontent | ||
| 337 | |a bez média |b n |2 rdamedia | ||
| 338 | |a svazek |b nc |2 rdacarrier | ||
| 500 | |a Přeloženo z angličtiny | ||
| 500 | |a Na obálce označení části: kniha 7 | ||
| 520 | 2 | |a Sedmý díl sci-fi ságy z populárního herního světa přináší takřka detektivní zápletku. | |
| 520 | 2 | |a Tým Bravo jednotky S.T.A.R.S. je poslán vyšetřit sérii bestiálních vražd, k nimž došlo v Raccoon City. Cestou na místo činu se však helikoptéra s týmem zřítí. Pád všichni přežijí a na cestě k záchraně narazí na havarovaný vojenský džíp. V něm najdou zohavené mrtvoly - a tím jejich noční můra právě začíná. Tým Bravo brzy zjistí, jaké zlo se rozrůstá všude okolo a Rebecca Chambersová, nováček v týmu, začne uvažovat, do čeho se to vlastně namočila... Nakladatelská anotace. | |
| 546 | |a Český text | ||
| 655 | 7 | |a americké romány |7 fd131796 |2 czenas | |
| 655 | 7 | |a vědecko-fantastické romány |7 fd133847 |2 czenas | |
| 655 | 7 | |a horory (romány) |7 fd184202 |2 czenas | |
| 655 | 9 | |a American fiction |2 eczenas | |
| 655 | 9 | |a science fiction novels |2 eczenas | |
| 655 | 9 | |a horror novels |2 eczenas | |
| 700 | 1 | |a Niklová, Kateřina, |d 1979- |7 xx0038698 |4 trl | |
| 787 | 0 | 8 | |i Z cyklu: |t Resident Evil |g 7 |
| 900 | |a ABA001 |b 20 | ||
| 044 | |a xr | ||
| 910 | |a RBIT002 | ||
| 998 | |d 177761 |a https://core.palmknihy.cz/api/books/177761/cover?p5om2a |b https://core.palmknihy.cz/api/books/177761/cover/400?p5om2a |c https://core.palmknihy.cz/api/books/177761/cover/50?p5om2a |e 2029-02-28 |g 256 |i 9788075940025 |j https://core.palmknihy.cz/api/books/177761/preview.epub |l |q 49 |r 1 |s https://www.palmknihy.cz/kniha/177761 |t ebook |y 2018 |z 0 |v Resident Evil |w 7 | ||
| 999 | |d 310874 | ||